000 01850nam2a22003731 4500
001 v19\rc\1505592
005 20250618163510.0
035 _a(NLR Aleph) 004631557
090 _a3173965
_c3173965
100 _a20060620d1913 |||y0rusy50 ca
101 0 _arus
102 _aRU
105 _ay z |||h|
200 0 _aза 1912 год
_eС прил. актовой речи проф. М.И. Ростовцева
_fПод ред. проф. Ф.И. Щербатского
210 _d1913
_aБ. м.
215 _a[2], 244, 251, 22 с.
461 0 _1001v19\rc\1505570
_12001#$aОтчет о состоянии и деятельности Императорского С.-Петербургского университета...$vза 1912 год
_93173760
_aПетербургский университет
_cСанкт-Петербург
_d1846-1916
_tОтчет о состоянии и деятельности Императорского С.-Петербургского университета...
_vза 1912 год
464 0 _12001#$aАктовая речь профессора М.И. Ростовцева
_1701#1$aРостовцев$bМ.И.
_tАктовая речь профессора М.И. Ростовцева
702 1 _4340
_7ca
_8rus
_aЩербатской
_bФ. И.
_f1866-1942
_gФёдор Ипполитович
_9223033
_3RU\NLR\AUTH\770223089
801 0 _aRU
_bNLR
_gpsbo
801 0 _aRU
_bRuMoRGB
_2psbo
801 1 _aRU
_bProSoft-M
_2rusmarc
852 _aNLR
_jКрI-1710/1912
852 _aNLR
_j38.31.11.1(6)
899 _aRuMoRGB (1846-1916*)
_jE 46/291
899 _aRuMoRGB (1846-1916*)
_jT 94/33
899 _aRuMoRGB (1846-1916*)
_jU 131/635
899 _aБАН (1882-1916*)
899 _aГПИБ (1860-1915*)
899 _aНБ МГУ (1887-1915*)
942 _cBOOK
980 _aNB
980 1 _aKRCH